000 00570aas a2200181 4500
999 _c50107
_d50107
001 768714001
003 CO-MdFUSB
005 20170912150903.0
008 170912s2001 ag ||||| |||| 00| 0 spa d
022 _a0326-6737
040 _aCO-MdFUSB
_bspa
_cCO-MdFUSB
_dCO-MdFUSB
041 _aspa
100 1 _aBarolín, Darío
_eautor
245 1 0 _aEclesiastés 8 :1-8 :
_bconsejos para leer entre líneas
300 _aVolumen 20 (2001), páginas 7-22
_c: 23 cm.
773 0 _tCuadernos de Teología
_049404
_959701
_gVolumen 20 (2001), páginas 7-22
_qPágina 7
942 _cANA